El derecho de los tratados (Registro nro. 61722)

Detalles MARC
000 -ENCABEZADO
Número de control [NR] 01101nam a2200241Ia 4500
008 - DE LONGITUD FIJA DE DATOS DE ELEMENTOS - INFORMACIÓN GENERAL
Elementos de longitud fija [NR] 130821s1976 ck gr spa
040 ## - FUENTE DE CATALOGACION [NR]
Agencia de catalogación original [NR] Co-BoUCM
Idioma de catalogación [NR] spa
041 00 - CODIGO DE IDIOMA [R]
Código de idioma para texto/pista de sonido o título separado [R] Español
100 1# - ASIENTO PRINCIPAL--NOMBRE PERSONAL [NR]
Nombre personal [NR] Giraldo Suárez, Juan de Dios
ID Autoridad 165493
245 13 - MENCION DE TITULO [NR]
Título [NR] El derecho de los tratados
Mención de responsabilidad, etc. [NR] Juan de Dios Giraldo Suárez
260 ## - PUBLICACION, DISTRIBUCION, ETC. (PIE DE IMPRENTA) [R]
Lugar de publicación, distribución, etc. [R] Medellín (Antioquia, Colombia)
Nombre del editor, distribuidor, etc. [R] Ediciones Tenaces
Fecha de publicación, distribución, etc. [R] 1976
300 ## - DESCRIPCION FISICA [R]
Extensión [R] 210 páginas
490 #0 - MENCION DE SERIE [R]
Mención de serie [R] Temas Jurídicos
Designación numérica/secuencial del volumen [NR] 1
504 ## - NOTA DE BIBLIOGRAFIA, ETC. [R]
Nota de bibliografía, etc. [NR]
505 2# - NOTA DE CONTENIDO CON FORMATO PREESTABLECIDO [R]
Nota de contenido con formato preestablecido [NR] Clasificación de los actos jurídicos -- Obligaciones interancionales --Los tratados -- De la capacidad y el consentimiento -- Del procedimiento para la conclusión de tratados -- De las reservas -- De la entrada en vigor de los tratados -- Efecto de los tratados -- La nulidad de los tratados.
650 04 - ASIENTO SECUNDARIO DE MATERIA - TERMINO TEMATICO [R]
Término temático o nombre geográfico como elemento de entrada [NR] Actos jurídicos
9 (RLIN) 8468
650 04 - ASIENTO SECUNDARIO DE MATERIA - TERMINO TEMATICO [R]
Término temático o nombre geográfico como elemento de entrada [NR] Derecho internacional
9 (RLIN) 12776
650 04 - ASIENTO SECUNDARIO DE MATERIA - TERMINO TEMATICO [R]
Término temático o nombre geográfico como elemento de entrada [NR] Negociación de tratados
9 (RLIN) 20160
650 04 - ASIENTO SECUNDARIO DE MATERIA - TERMINO TEMATICO [R]
Término temático o nombre geográfico como elemento de entrada [NR] Obligaciones internacionales
9 (RLIN) 20658
650 04 - ASIENTO SECUNDARIO DE MATERIA - TERMINO TEMATICO [R]
Término temático o nombre geográfico como elemento de entrada [NR] Tratados
9 (RLIN) 25816
942 ## - ELEMENTOS DE ENTRADA AGREGADOS (KOHA)
Tipo de ítem principal el descrito en 300a Libro
Tema principal Derecho
Edición 1
Parte restante de la signatura top. G47d
Sistema de clasificación DEWEY
Clasificación 341.37
Título oculto en OPAC No
Existencias
Total préstamos Signatura topográfica Código de barras Última vez visto Ejemplar Price effective from Tipo de ítem Perdido Sistema de clasificación Dañado No prestable Tipo de ítem específico Suprimido Ubicación habitual Ubicación actual Localización Fecha de creación Forma de adquisición Costo Costo de reposición Proveedor
  341.37 G47d 3000360 15/12/2012 Ej.1 03/02/2013 Libro   DEWEY     Libro     Bib. Cavelier Acavalier 30/09/2009   0.00    
  341.37 G47d 100161504 09/12/2024 Ej.2 14/06/2019 Libro   DEWEY     Libro   BodegaJK Claustro Préstamo 2 días después de solicitado 14/06/2019 Donación 0.00 0.00 12